| 000 | 00764nam a2200229Ia 4500 | ||
|---|---|---|---|
| 003 | OSt | ||
| 005 | 20220923225253.0 | ||
| 006 | a|||||r|||| 00| 0 | ||
| 007 | ta | ||
| 008 | 220922b |||||||| |||| 00| 0 hin d | ||
| 024 | _a261,801 | ||
| 037 | _cTextual | ||
| 040 |
_aARTS _cARTS _bhin |
||
| 041 |
_2hin _ahin |
||
| 082 | _aNQ44,C, 152N1 | ||
| 100 | _aपाण्डेय, सन्ध्या | ||
| 245 | 0 | _aगुप्तकालीन बौद्व चित्रकला | |
| 246 | _aGuptakālīn baudva chitrakalā | ||
| 260 |
_aदिल्ली _b परिमल पब्लिकेशन्स _c1991 |
||
| 942 |
_hNQ44,C, 152N1 _cTEXL _2CC |
||
| 999 |
_c377159 _d377159 |
||